Poemas de las tardes largas / (Record no. 117446)

MARC details
000 -LEADER
campo de control de longitud fija 00418nam a2200145 4500
001 - NÚMERO DE CONTROL
campo de control 117446
003 - IDENTIFICADOR DE NÚMERO DE CONTROL
campo de control ES-MaACL
005 - FECHA Y HORA DE LA ÚLTIMA TRANSACCIÓN
campo de control 20230906190915.0
007 - CAMPO FIJO DE DESCRIPCIÓN FÍSICA--INFORMACIÓN GENERAL
campo de control de longitud fija t|
008 - DATOS DE LONGITUD FIJA--INFORMACIÓN GENERAL
campo de control de longitud fija 070214s1973 sp r ||||1| spa d
100 1# - ENTRADA PRINCIPAL--NOMBRE DE PERSONA
Nombre de persona Peraita González, Graciano.
9 (RLIN) 90350
245 10 - MENCIÓN DEL TÍTULO
Título Poemas de las tardes largas /
Mención de responsabilidad, etc. Graciano Peraita González.
260 ## - PUBLICACIÓN, DISTRIBUCIÓN, ETC.
Lugar de publicación, distribución, etc. Burgos :
Nombre del editor, distribuidor, etc. [s.n.],
Fecha de publicación, distribución, etc. 1973 (
Fabricante 21 cm)
852 ## - LOCALIZACIÓN
Ubicación ES-MaACL
Número de control de estantería C-55488
Sublocalización o colección R.87992
Holdings
Estatus retirado Estado de pérdida Estado de daño No para préstamo Biblioteca de origen Biblioteca actual Ubicación en estantería Fecha de adquisición Fuente de adquisición Total de préstamos Signatura topográfica completa Código de barras Visto por última vez Precio de reemplazo Tipo de ítem Koha
        Biblioteca del Ateneo de Madrid Biblioteca del Ateneo de Madrid Depósito 2 17/01/2008     C-55488 1122447 23/02/2023 23/02/2023 Libro impreso